| 000 | 00550nam a2200181Ia 4500 | ||
|---|---|---|---|
| 003 | OSt | ||
| 005 | 20210108144951.0 | ||
| 008 | 190216s9999||||xx |||||||||||||| ||und|| | ||
| 020 | _a9788126405640 | ||
| 040 | _coclc | ||
| 082 |
_a894.812301 _bPIL/M |
||
| 100 |
_aPillai, Karoor Neelakanda _96667 |
||
| 245 | 0 |
_aMarappavakalum Mattu Pradhana Kathakalum / _cKaroor Neelakanda Pillai |
|
| 260 |
_bDc Books, _aKottayam: _c2007. |
||
| 300 | _a116p | ||
| 650 | _aKathakal | ||
| 942 |
_cBK _2ddc _h894.812301 _iPIL/M _k894.812301 _mPIL/M |
||
| 999 |
_c29155 _d29155 |
||